[Event "Wch U12"]
[Site "Batumi"]
[Date "2022.09.27"]
[Round "11"]
[White "Sultan Jabir, Alzarooni"]
[Black "Zizic, Djordje"]
[Result "0-1"]
[WhiteElo "1028"]
[BlackElo "1309"]
[PlyCount "52"]
[EventDate "2022.09.16"]
[EventType "swiss"]
[EventRounds "11"]
[EventCountry "GEO"]
[SourceTitle "EXT 2023"]
[Source "ChessBase"]
[SourceDate "2022.10.05"]
[SourceVersion "1"]
[SourceVersionDate "2022.10.05"]
[SourceQuality "1"]

1. e4 c5 2. Nc3 d6 3. f4 e6 4. Nf3 Be7 5. Bc4 a6 6. a4 Nf6 7. d3 b6 8. h3 Bb7 9. 0-0 Qc7 10. Qe1 Nbd7 11. e5 dxe5 12. Nxe5 Nxe5 13. fxe5 Nd7 14. Bf4 0-0-0 15. Ne4 Rdf8 16. Nd6+ Bxd6 17. exd6 Qc6 18. Rf2 g5 19. Bxg5 Rhg8 20. Qe3 h6 21. Be7 Rxg2+ 22. Kf1 Rfg8 23. Re1 Qxa4 24. b3 Qc6 25. Rxf7 Rxc2 26. Bg5 Qg2# 0-1

[Event "Sharjah Blitz op 27th"]
[Site "Sharjah"]
[Date "2022.04.08"]
[Round "1"]
[White "Sultan Jabir, Alzarooni"]
[Black "Sindarov, Javokhir"]
[Result "0-1"]
[WhiteElo "1064"]
[BlackElo "2609"]
[PlyCount "86"]
[EventDate "2022.04.08"]
[EventType "swiss (blitz)"]
[EventRounds "9"]
[EventCountry "UAE"]
[SourceTitle "CBM 207 Extra"]
[Source "ChessBase"]
[SourceDate "2022.05.31"]
[SourceVersion "1"]
[SourceVersionDate "2022.05.31"]
[SourceQuality "1"]

1. e4 c5 2. Nf3 e6 3. d4 cxd4 4. Nxd4 Nf6 5. Nc3 Nc6 6. Nxc6 bxc6 7. e5 Nd5 8. Nxd5 cxd5 9. Bd3 d6 10. Bf4 Rb8 11. Rb1 Qc7 12. exd6 Bxd6 13. Bxd6 Qxd6 14. Qg4 0-0 15. 0-0 e5 16. Qa4 Qc7 17. Qh4 e4 18. Be2 Qxc2 19. Bg4 Bxg4 20. Qxg4 Rxb2 21. Rbc1 Qe2 22. Qd7 e3 23. Qxd5 exf2+ 24. Kh1 Rxa2 25. h3 h6 26. Kh2 a5 27. Kg3 a4 28. Qd4 a3 29. Qxf2 Qxf2+ 30. Rxf2 Rxf2 31. Kxf2 Ra8 32. Ra1 f5 33. Ra2 Kf7 34. Kf3 Kf6 35. Ke3 Kg5 36. g3 Kf6 37. Kd4 g5 38. g4 f4 39. Ke4 Ra4+ 40. Kd5 f3 41. Rf2 a2 42. Rxf3+ Kg6 43. Ke6 a1Q 0-1